[Event "BEL-chT 0405"]
[Site "Belgium"]
[Date "2005.04.15"]
[Round "9"]
[White "Schebler, Gerhard"]
[Black "Michiels, Rob"]
[Result "1-0"]
[WhiteElo "2495"]
[BlackElo "2267"]
[PlyCount "77"]
[EventDate "2004.09.09"]
[EventType "team-tourn"]
[EventRounds "11"]
[EventCountry "BEL"]
[SourceTitle "EXT 2006"]
[Source "ChessBase"]
[SourceDate "2005.11.24"]
[SourceVersion "1"]
[SourceVersionDate "2005.11.24"]
[SourceQuality "1"]
[WhiteTeam "KSK47 Eynatten"]
[BlackTeam "KBSK Brugge"]
[WhiteTeamCountry "BEL"]
[BlackTeamCountry "BEL"]

1. Nf3 Nf6 2. g3 b6 3. Bg2 Bb7 4. 0-0 e6 5. c4 Be7 6. d4 0-0 7. d5 exd5 8. Nh4 Ne4 9. cxd5 Bxh4 10. Bxe4 f5 11. Bg2 Bf6 12. Nc3 Na6 13. Be3 Bxc3 14. bxc3 d6 15. Qc2 Qd7 16. c4 c6 17. Qa4 b5 18. dxc6 bxa4 19. cxd7 Bxg2 20. Kxg2 Rfd8 21. Rfd1 Rxd7 22. c5 d5 23. Rab1 Rc8 24. Rb5 Kf7 25. Rd2 Ke6 26. Ra5 Rc6 27. h4 h5 28. Kf3 Rb7 29. Kf4 Rb4+ 30. Rd4 Rc4 31. Kg5 R4xc5 32. Rdxa4 Rxa5 33. Rxa5 Nc7 34. Rxa7 Rc4 35. Bf4 Ne8 36. Kxh5 Re4 37. e3 d4 38. exd4 Rxd4 39. Kg6 1-0

[Event "BEL-chT 0405"]
[Site "Belgium"]
[Date "2005.01.16"]
[Round "7"]
[White "Michiels, Rob"]
[Black "Claesen, Jeroen"]
[Result "1-0"]
[WhiteElo "2267"]
[BlackElo "2264"]
[PlyCount "73"]
[EventDate "2004.09.09"]
[EventType "team-tourn"]
[EventRounds "11"]
[EventCountry "BEL"]
[SourceTitle "EXT 2006"]
[Source "ChessBase"]
[SourceDate "2005.11.24"]
[SourceVersion "1"]
[SourceVersionDate "2005.11.24"]
[SourceQuality "1"]
[WhiteTeam "KBSK Brugge"]
[BlackTeam "Leuven Lustige Vrijpion"]
[WhiteTeamCountry "BEL"]
[BlackTeamCountry "BEL"]

1. e4 Nf6 2. Nc3 d5 3. exd5 Nxd5 4. Bc4 Nb6 5. Bb3 Nc6 6. Qf3 f5 7. Nge2 e5 8. a4 Na5 9. Ba2 Qf6 10. Nb5 Bd6 11. Qc3 Nc6 12. a5 Na4 13. Qc4 Nc5 14. Nxc7+ Bxc7 15. Qxc5 Bxa5 16. 0-0 Bb6 17. Qc4 Bd7 18. Nc3 Ne7 19. Re1 Rc8 20. Nd5 Nxd5 21. Qxd5 e4 22. c3 Bc6 23. Qb3 Kf8 24. Qa3+ Qe7 25. Be6 Qxa3 26. bxa3 Rc7 27. a4 Bc5 28. d4 exd3 29. Bf4 Re7 30. Bxf5 Rf7 31. g4 g6 32. Bh6+ Rg7 33. Bxd3 Kf7 34. Bc4+ Kf6 35. g5+ Kf5 36. Bxg7 Rc8 37. Be6+ 1-0

[Event "Condom op 3rd"]
[Site "Condom"]
[Date "2004.07.16"]
[Round "8"]
[White "Fedorchuk, Sergey A"]
[Black "Michiels, Rob"]
[Result "1-0"]
[WhiteElo "2569"]
[BlackElo "2248"]
[PlyCount "31"]
[EventDate "2004.07.10"]
[EventType "swiss"]
[EventRounds "9"]
[EventCountry "FRA"]
[SourceTitle "CBM 101 Extra"]
[Source "ChessBase"]
[SourceDate "2004.09.01"]
[SourceVersion "2"]
[SourceVersionDate "2004.09.01"]
[SourceQuality "1"]

1. e4 e6 2. d4 b6 3. Bd3 Bb7 4. Nf3 c5 5. Nbd2 cxd4 6. Nxd4 d5 7. Bb5+ Nd7 8. Nc6 Qg5 9. Nf3 Qg4 10. 0-0 Qxe4 11. Re1 Qxe1+ 12. Qxe1 a6 13. Ba4 Nc5 14. Na5+ Nxa4 15. Nxb7 Rb8 16. b3 1-0